P.C.Markanda building & engineering contracts : (Record no. 145011)
[ view plain ]
| 000 -LEADER | |
|---|---|
| fixed length control field | 01023nam a22002657a 4500 |
| 005 - DATE AND TIME OF LATEST TRANSACTION | |
| control field | 20170919165256.0 |
| 008 - FIXED-LENGTH DATA ELEMENTS--GENERAL INFORMATION | |
| fixed length control field | 170919b xxu||||| |||| 00| 0 eng d |
| 010 ## - LCCN (DPL NO) | |
| LC control number | ENG-120814-815 |
| 020 ## - INTERNATIONAL STANDARD BOOK NUMBER | |
| International Standard Book Number | 9788131251669(vol-1) |
| Terms of availability | 4595.00 (Set Price) |
| 020 ## - INTERNATIONAL STANDARD BOOK NUMBER | |
| International Standard Book Number | 9788131251669(vol-2) |
| Terms of availability | 4595.00 (Set Price) |
| 035 ## - SYSTEM CONTROL NUMBER | |
| System control number | EN-104346-347 |
| 037 ## - SOURCE OF ACQUISITION | |
| Source of stock number/acquisition | DBAD/PUB |
| 082 ## - DEWEY DECIMAL CLASSIFICATION NUMBER | |
| Classification number | 343.42078624 |
| 100 ## - MAIN ENTRY--PERSONAL NAME | |
| Personal name | Markanda, P.C. |
| 245 ## - TITLE STATEMENT | |
| Title | P.C.Markanda building & engineering contracts : |
| Statement of responsibility, etc | by P.C.Markanda |
| Remainder of title | law & practice / |
| 250 ## - EDITION STATEMENT | |
| Edition statement | 5th ed.by Naresh Markanda [and] Rajesh Markanda |
| 260 ## - PUBLICATION, DISTRIBUTION, ETC. (IMPRINT) | |
| Place of publication, distribution, etc | Gurgaon |
| Name of publisher, distributor, etc | Lexisnexis |
| Date of publication, distribution, etc | 2017 |
| 270 ## - ADDRESS | |
| Address | 14th Floor, Building No. 10, Tower-B, DLF Cyber city, Phase-II |
| City | Gurgaon |
| Postal code | 122002 |
| 300 ## - PHYSICAL DESCRIPTION | |
| Extent | 2- vols-(cIxxxviii,1-1026p. [56p.] ; cIxxxviii,1027-1871p.[56p.]) |
| Dimensions | 24cm (Hb) |
| 500 ## - GENERAL NOTE | |
| General note | Includes index |
| 505 ## - FORMATTED CONTENTS NOTE | |
| Formatted contents note | V.1 Chap.1 to 14 ; V.2 Chap.15 to end & Appendix |
| 700 ## - ADDED ENTRY--PERSONAL NAME | |
| Personal name | Markanda, Naresh |
| 700 ## - ADDED ENTRY--PERSONAL NAME | |
| Personal name | Markanda, Rajesh |
| 942 ## - ADDED ENTRY ELEMENTS (KOHA) | |
| Source of classification or shelving scheme | Dewey Decimal Classification |
| Item type | English Books |
| Call number suffix | MAR |
| Classification part | 343.42078624 |
| Withdrawn status | Lost status | Source of classification or shelving scheme | Materials specified (bound volume or other part) | Damaged status | Not for loan | Collection code | Home library | Current library | Date acquired | Source of acquisition | Cost, normal purchase price | Total Checkouts | Full call number | Barcode | Date last seen | Copy number | Cost, replacement price | Koha item type |
|---|---|---|---|---|---|---|---|---|---|---|---|---|---|---|---|---|---|---|
| Dewey Decimal Classification | vol-1 | Not For Loan | Reference | Central Library | Central Library | 19/09/2017 | DBAD/PUB | 4595.00 | 343.42078624 MAR | EN-104346 | 19/09/2017 | 1 | 4595.00 | English Books | ||||
| Dewey Decimal Classification | vol-2 | Not For Loan | Reference | Sarojini Nagar | Sarojini Nagar | 19/09/2017 | DBAD/PUB | 4595.00 | 343.42078624 MAR | EN-104347 | 19/09/2017 | 1 | 4595.00 | English Books |
